000 00731nam a2200265Ia 4500
003 GCL
008 140319s9999 xx 000 0 ara d
040 _aGCL /
_cGCL
082 0 4 _a523.1
_bم م
100 1 _aمحمد صالح المحب
245 1 0 _aمن الذرة الى المجرة /
_cمحمد صالح المحب
490 _a
650 0 4 _aالنجوم
650 0 4 _aالالكترونات
650 0 4 _aالذرات
650 0 4 _aالكون
650 0 4 _aالكواكب
650 0 4 _aالنظام الشمسى
650 0 4 _aالمجموعة الشمسية
650 0 4 _aالقمر
650 0 4 _aالنيوترونات
650 0 4 _aالمجرات
650 0 4 _aالبروتونات
942 _2ddc
_cBK
999 _c39618
_d39618